[Event "Bunratty Masters"]
[Site "Bunratty Co. Clare, Ireland"]
[Date "2017.02.18"]
[Round "3"]
[White "Walton, Alan"]
[Black "Haussernot, Cecile"]
[Result "1/2-1/2"]
[WhiteElo "2211"]
[BlackElo "2120"]
[PlyCount "82"]
[EventDate "2017.??.??"]

1. d4 Nf6 2. Bg5 d5 3. e3 Bf5 4. c4 e6 5. Nc3 c6 6. cxd5 exd5 7. Bd3 Bxd3 8.
Qxd3 b5 9. Nge2 Be7 10. O-O O-O 11. Ng3 Nbd7 12. Rac1 Qb6 13. Nf5 Bb4 14. Bxf6
Nxf6 15. a3 Bxc3 16. Qxc3 g6 17. Ne7+ Kg7 18. Nxc6 Rfc8 19. Qc5 Qxc5 20. Rxc5
Ne4 21. Rc2 Nd2 22. Rd1 Nb3 23. Rc3 a6 24. e4 a5 25. exd5 a4 26. d6 Na5 27. d5
Nb7 28. d7 Rc7 29. Ne5 Rxc3 30. bxc3 Rd8 31. g3 f6 32. Nc6 Rxd7 33. Nd4 Nd6 34.
Rb1 Ne4 35. Nxb5 Rxd5 36. Rb4 f5 37. f3 Rd1+ 38. Kg2 Rd2+ 39. Kg1 Rd1+ 40. Kg2
Rd2+ 41. Kg1 Rd1+ 1/2-1/2

[Event "Bunratty Masters"]
[Site "Bunratty Co. Clare, Ireland"]
[Date "2017.02.18"]
[Round "3"]
[White "Wolferink, Frans"]
[Black "Wallace, Paul A"]
[Result "0-1"]
[WhiteElo "2095"]
[BlackElo "2204"]
[PlyCount "36"]
[EventDate "2017.??.??"]

1. e4 e5 2. Nf3 Nc6 3. d4 exd4 4. Bc4 Nf6 5. e5 d5 6. Bb5 Ne4 7. Nxd4 Bc5 8.
Be3 Bxd4 9. Qxd4 O-O 10. Bxc6 bxc6 11. Nc3 f5 12. f3 Nxc3 13. Qxc3 f4 14. Qxc6
fxe3 15. Qxa8 Qh4+ 16. g3 Qc4 17. O-O-O d4 18. Kb1 Bf5 0-1

[Event "Bunratty Masters"]
[Site "Bunratty Co. Clare, Ireland"]
[Date "2017.02.18"]
[Round "3"]
[White "Delaney, Killian"]
[Black "Schenning, Albert"]
[Result "1-0"]
[WhiteElo "2203"]
[BlackElo "2010"]
[PlyCount "81"]
[EventDate "2017.??.??"]

1. e4 c5 2. c3 Nf6 3. e5 Nd5 4. Bc4 Nb6 5. Bb3 d5 6. exd6 Qxd6 7. Na3 a6 8. Nf3
g6 9. d4 cxd4 10. O-O Bg7 11. Nxd4 O-O 12. Be3 Nd5 13. Qf3 Nxe3 14. fxe3 Bf6
15. Rad1 Qc7 16. e4 Nc6 17. Nc4 Na5 18. Nxa5 Qxa5 19. Kh1 Qg5 20. h3 Kg7 21.
Qe2 Be5 22. Nf3 Qh5 23. Rd5 Bg4 24. Kg1 Bxf3 25. Qxf3 Qxf3 26. Rxf3 Bf6 27. e5
Bg5 28. Rd7 Rab8 29. g3 Bc1 30. Rxe7 Bxb2 31. Rfxf7+ Rxf7 32. Rxf7+ Kh6 33. Rc7
Re8 34. e6 b5 35. Kf2 Ba3 36. Kf3 b4 37. Rc6 bxc3 38. Rxa6 Bb2 39. Rc6 Kg5 40.
Rc7 Kf5 41. Ba4 1-0

[Event "Bunratty Masters"]
[Site "Bunratty Co. Clare, Ireland"]
[Date "2017.02.18"]
[Round "3"]
[White "Byrne, Alex"]
[Black "Gelip, Ioana"]
[Result "1-0"]
[WhiteElo "1942"]
[BlackElo "2202"]
[PlyCount "73"]
[EventDate "2017.??.??"]

1. e4 e6 2. d4 d5 3. Nd2 Nc6 4. c3 Nf6 5. e5 Nd7 6. Bd3 a5 7. Ne2 b6 8. f4 Ba6
9. Bxa6 Rxa6 10. O-O g6 11. Nf3 Bg7 12. Qe1 Ncb8 13. g4 h5 14. h3 hxg4 15. hxg4
c5 16. g5 Nc6 17. Kg2 cxd4 18. cxd4 Nb4 19. Rh1 Rf8 20. Nc3 Nc2 21. Qe2 Nxa1
22. Qxa6 Nc2 23. a3 Qc7 24. Qd3 Na1 25. Nd2 b5 26. Nxb5 Qc2 27. Qxc2 Nxc2 28.
Rh3 Nb6 29. Rc3 Na1 30. b3 a4 31. b4 Kd7 32. Rc7+ Ke8 33. Rb7 Nc4 34. Nxc4 dxc4
35. Nd6+ Kd8 36. Nxc4 Nc2 37. Be3 1-0

[Event "Bunratty Masters"]
[Site "Bunratty Co. Clare, Ireland"]
[Date "2017.02.18"]
[Round "3"]
[White "Rawlinson, Aidan"]
[Black "Keogh, Eamon"]
[Result "1-0"]
[WhiteElo "2199"]
[BlackElo "1902"]
[PlyCount "33"]
[EventDate "2017.??.??"]

1. d4 Nf6 2. c4 g6 3. g3 Bg7 4. Bg2 O-O 5. Nc3 d6 6. Nf3 Nbd7 7. O-O c6 8. e4
e5 9. h3 Re8 10. Be3 a6 11. a4 Qa5 12. Qc2 Nf8 13. b4 Qxb4 14. Rfb1 Qxc4 15.
dxe5 dxe5 16. Ng5 Nxe4 17. Bxe4 1-0

[Event "Bunratty Masters"]
[Site "Bunratty Co. Clare, Ireland"]
[Date "2017.02.18"]
[Round "3"]
[White "Tirziman, Rudolf"]
[Black "Yin, Stanley"]
[Result "1/2-1/2"]
[WhiteElo "2013"]
[BlackElo "2198"]
[PlyCount "47"]
[EventDate "2017.??.??"]

1. e4 d5 2. exd5 Nf6 3. c4 c6 4. d4 cxd5 5. Nc3 Nc6 6. Bf4 Qa5 7. Be2 e5 8.
dxe5 d4 9. exf6 dxc3 10. bxc3 Qxc3+ 11. Bd2 Qxf6 12. Nf3 Bc5 13. O-O O-O 14.
Qc1 Re8 15. Bd1 Bf5 16. Bc3 Nd4 17. Qb2 Rad8 18. Nxd4 Bxd4 19. Bxd4 Qxd4 20.
Qxd4 Rxd4 21. Bb3 Be6 22. Rfd1 Red8 23. Rxd4 Rxd4 24. Rc1 1/2-1/2

[Event "Bunratty Masters"]
[Site "Bunratty Co. Clare, Ireland"]
[Date "2017.02.18"]
[Round "3"]
[White "Wall, Tim P"]
[Black "Cafolla, Peter"]
[Result "1-0"]
[WhiteElo "2193"]
[BlackElo "1976"]
[PlyCount "111"]
[EventDate "2017.??.??"]

1. e4 c5 2. Nf3 Nc6 3. Bb5 e6 4. O-O Nge7 5. Re1 a6 6. Bf1 d6 7. c3 Ng6 8. d4
cxd4 9. cxd4 Be7 10. Nc3 O-O 11. Be3 Bd7 12. Rc1 b5 13. h3 Nh4 14. Nxh4 Bxh4
15. d5 Ne5 16. dxe6 Bxe6 17. Nd5 Bxd5 18. Qxd5 Be7 19. Red1 Kh8 20. f4 Ng6 21.
Bd3 f6 22. Rc6 Qe8 23. Bd2 Qf7 24. Qxf7 Rxf7 25. Bc2 Rff8 26. Rc1 Rfc8 27. Bb3
Rxc6 28. Rxc6 Bf8 29. Rc7 Ne7 30. Kf2 a5 31. Ke3 a4 32. Be6 Rb8 33. Bb4 h6 34.
Bxd6 Nf5+ 35. Bxf5 Bxd6 36. Rd7 Bc5+ 37. Kf3 b4 38. b3 axb3 39. axb3 Bf8 40.
Bg6 Rc8 41. Kg4 Bc5 42. h4 Bb6 43. Rb7 Bc5 44. h5 Bd6 45. Rd7 Bb8 46. Rd4 Kg8
47. Rxb4 Bd6 48. Rd4 Be7 49. Rd7 Kf8 50. Rb7 Rd8 51. Kf5 Rd2 52. e5 fxe5 53.
fxe5 Rd4 54. Ke6 Bd8 55. Rf7+ Kg8 56. Rd7 1-0

[Event "Bunratty Masters"]
[Site "Bunratty Co. Clare, Ireland"]
[Date "2017.02.18"]
[Round "3"]
[White "Speck, Stefan"]
[Black "L'Ami, Alina"]
[Result "0-1"]
[WhiteElo "1989"]
[BlackElo "2324"]
[PlyCount "44"]
[EventDate "2017.??.??"]

1. e4 e6 2. b3 c5 3. Bb2 Nc6 4. d3 d5 5. Nd2 d4 6. g3 e5 7. Bg2 Bd6 8. Nh3 h5
9. f3 h4 10. g4 Nge7 11. Nc4 Bc7 12. Bc1 b5 13. Nb2 Ba5+ 14. Bd2 Bc3 15. Qc1
Be6 16. Bxc3 dxc3 17. Nd1 Qd4 18. a4 c4 19. axb5 cxd3 20. cxd3 Nb4 21. Nhf2 c2
22. Nb2 Ng6 0-1

[Event "Bunratty Masters"]
[Site "Bunratty Co. Clare, Ireland"]
[Date "2017.02.18"]
[Round "3"]
[White "Schockenbaeumer, Dirk"]
[Black "Sudolski, Sylwester"]
[Result "0-1"]
[WhiteElo "2155"]
[BlackElo "2027"]
[PlyCount "88"]
[EventDate "2017.??.??"]

1. e4 c5 2. Nf3 d6 3. d4 cxd4 4. Nxd4 Nf6 5. Nc3 a6 6. h3 e5 7. Nde2 b5 8. Bg5
Be6 9. a3 Nbd7 10. Ng3 Be7 11. Nh5 Nxh5 12. Bxe7 Qxe7 13. Qxh5 Nb6 14. Bd3 h6
15. O-O Qg5 16. Qf3 O-O 17. Rfe1 Rad8 18. Rad1 g6 19. Qe3 Qxe3 20. Rxe3 f5 21.
f3 Kf7 22. Re2 Kf6 23. Red2 Rd7 24. b3 Rfd8 25. a4 d5 26. axb5 dxe4 27. fxe4
axb5 28. Kf1 b4 29. Nb1 Rd4 30. Re1 Bxb3 31. exf5 gxf5 32. Rf2 Rf4 33. Rxf4
exf4 34. Re2 Ba2 35. Nd2 b3 36. Nc4 Nd5 37. cxb3 Bxb3 38. Nb2 Ne3+ 39. Kf2 Rg8
40. g4 fxg4 41. hxg4 Rxg4 42. Be4 Rg3 43. Nd3 Ng4+ 44. Ke1 f3 0-1

[Event "Bunratty Masters"]
[Site "Bunratty Co. Clare, Ireland"]
[Date "2017.02.18"]
[Round "3"]
[White "O'Connor, Jonathan"]
[Black "van Empel, Fred"]
[Result "1-0"]
[WhiteElo "2126"]
[BlackElo "2140"]
[PlyCount "69"]
[EventDate "2017.??.??"]

1. e4 Nc6 2. Nf3 e5 3. d4 exd4 4. Nxd4 Qh4 5. Nb5 Bc5 6. Qe2 Nd4 7. Nxd4 Bxd4
8. g3 Qf6 9. c3 Bb6 10. Bg2 d6 11. O-O Ne7 12. Na3 Bd7 13. Nc4 Bb5 14. Nxd6+
Qxd6 15. Qxb5+ c6 16. Qe2 O-O 17. Rd1 Qe6 18. Be3 f5 19. f4 fxe4 20. Bxb6 axb6
21. Qxe4 Qxe4 22. Bxe4 Rfd8 23. a3 g6 24. Kf2 Kf7 25. Kf3 Ng8 26. Bc2 Nf6 27.
Rxd8 Rxd8 28. Rd1 Re8 29. Bb3+ Kg7 30. h3 Re7 31. g4 h6 32. Rd4 Nd7 33. Bc2 Nc5
34. Rd6 Ne6 35. Bxg6 1-0

[Event "Bunratty Masters"]
[Site "Bunratty Co. Clare, Ireland"]
[Date "2017.02.18"]
[Round "3"]
[White "Li, Henry"]
[Black "Doyle, Hugh"]
[Result "1-0"]
[WhiteElo "2150"]
[BlackElo "2044"]
[PlyCount "71"]
[EventDate "2017.??.??"]

1. e4 Nf6 2. e5 Nd5 3. c4 Nb6 4. d4 d6 5. f4 dxe5 6. fxe5 Nc6 7. Be3 Bf5 8. Nc3
e6 9. Nf3 Be7 10. Be2 O-O 11. O-O f6 12. Nh4 fxe5 13. Nxf5 exf5 14. d5 Nd4 15.
Bxd4 exd4 16. Qxd4 Nd7 17. Kh1 Bf6 18. Qd2 g6 19. Rad1 Re8 20. Rfe1 Re5 21. Nb5
a6 22. Nd4 Qe7 23. b4 Nf8 24. Nf3 Re3 25. d6 cxd6 26. c5 Kg7 27. cxd6 Qe6 28.
Bxa6 Rxe1+ 29. Rxe1 Qd7 30. Bc4 Rd8 31. Rd1 Ne6 32. Qe3 Re8 33. Qb6 Nf4 34. Bb5
Qe6 35. Bxe8 Qe2 36. Rd2 1-0

[Event "Bunratty Masters"]
[Site "Bunratty Co. Clare, Ireland"]
[Date "2017.02.18"]
[Round "3"]
[White "Moran, Stephen"]
[Black "Harding, Tim"]
[Result "1-0"]
[WhiteElo "2119"]
[BlackElo "1959"]
[PlyCount "55"]
[EventDate "2017.??.??"]

1. d4 d5 2. c4 e6 3. Nc3 c6 4. Nf3 Nf6 5. Bg5 dxc4 6. e4 b5 7. e5 h6 8. Bh4 g5
9. Nxg5 hxg5 10. Bxg5 Nbd7 11. g3 Qb6 12. exf6 Bb7 13. Bg2 O-O-O 14. O-O c5 15.
d5 b4 16. Na4 Qb5 17. a3 Nb8 18. axb4 cxb4 19. Be3 Bxd5 20. Bxd5 Rxd5 21. Qe2
Nc6 22. Rfc1 Rd3 23. Bxa7 Ne5 24. Rxc4+ Kb7 25. Qe4+ Qd5 26. Rxb4+ Bxb4 27.
Qxb4+ Kc7 28. Qb6+ 1-0

[Event "Bunratty Masters"]
[Site "Bunratty Co. Clare, Ireland"]
[Date "2017.02.18"]
[Round "3"]
[White "Fox, Anthony"]
[Black "van der Zwet, Bart"]
[Result "1-0"]
[WhiteElo "1969"]
[BlackElo "2118"]
[PlyCount "35"]
[EventDate "2017.??.??"]

1. e4 c6 2. d4 d5 3. Nc3 e6 4. Nf3 Nf6 5. e5 Nfd7 6. Ne2 c5 7. c3 Nc6 8. Nf4
Be7 9. Bd3 Qb6 10. O-O cxd4 11. cxd4 Nxd4 12. Nxd4 Qxd4 13. Nxe6 Qb6 14. Nxg7+
Kd8 15. Nf5 Bc5 16. Bg5+ Kc7 17. Bf4 Kc6 18. e6 1-0

[Event "Bunratty Masters"]
[Site "Bunratty Co. Clare, Ireland"]
[Date "2017.02.18"]
[Round "3"]
[White "Melaugh, Gavin"]
[Black "Mulligan, Scott"]
[Result "0-1"]
[WhiteElo "1936"]
[BlackElo "2065"]
[PlyCount "76"]
[EventDate "2017.??.??"]

1. c4 Nf6 2. Nc3 g6 3. g3 Bg7 4. Bg2 O-O 5. e4 d6 6. Nge2 a6 7. d3 c6 8. a4 a5
9. O-O Na6 10. h3 e5 11. Be3 Nb4 12. f4 Bd7 13. g4 Bxg4 14. hxg4 Nxg4 15. Bf2
exf4 16. Nxf4 Nxf2 17. Kxf2 Qh4+ 18. Ke3 Bh6 19. Nce2 f5 20. Rh1 Bxf4+ 21. Nxf4
Qg3+ 22. Qf3 Nc2+ 23. Kd2 Qxf3 24. Bxf3 Nxa1 25. Ne6 Nb3+ 26. Kc3 Rf6 27. Ng5
Nc5 28. Nxh7 Nxa4+ 29. Kc2 Rf7 30. Ng5 Re7 31. exf5 Rf8 32. fxg6 Rf5 33. Rg1
Ree5 34. Ne4 Rxf3 35. Nxd6 Re2+ 36. Kc1 Nxb2 37. Nxb7 Nxd3+ 38. Kd1 Rff2 0-1

[Event "Bunratty Masters"]
[Site "?"]
[Date "2017.02.18"]
[Round "4"]
[White "Wells, Peter"]
[Black "Short, Nigel"]
[Result "0-1"]
[WhiteElo "2428"]
[BlackElo "2675"]
[PlyCount "56"]
[EventDate "2017.??.??"]

1. Nf3 d5 2. d4 Nf6 3. c4 e6 4. g3 Bb4+ 5. Nbd2 O-O 6. Bg2 a5 7. O-O a4 8. a3
Be7 9. Qc2 Nc6 10. Rd1 Bd7 11. e4 Qc8 12. e5 Ne8 13. Nf1 dxc4 14. Bg5 b5 15.
Bxe7 Nxe7 16. Ng5 f5 17. exf6 Nxf6 18. Re1 Ra6 19. Ne3 h6 20. Ne4 Nxe4 21. Bxe4
Rd6 22. Rad1 Nf5 23. Qc3 Nxe3 24. Qxe3 Qd8 25. h4 Qf6 26. f4 Rd8 27. Rd2 Be8
28. d5 Bf7 0-1

[Event "Bunratty Masters"]
[Site "?"]
[Date "2017.02.18"]
[Round "4"]
[White "Lopez, Alex"]
[Black "Lalic, Bogdan"]
[Result "1-0"]
[WhiteElo "2417"]
[BlackElo "2449"]
[PlyCount "59"]
[EventDate "2017.??.??"]

1. Nf3 Nf6 2. d4 e6 3. Bf4 b6 4. e3 Bb7 5. Be2 Be7 6. c4 Nh5 7. Bg3 d6 8. Nc3
Nd7 9. Qc2 O-O 10. O-O-O g6 11. Ne1 Nxg3 12. hxg3 Bf6 13. Bf3 Bxf3 14. gxf3 Bg7
15. f4 Qe7 16. Nf3 Rfd8 17. g4 c5 18. d5 Bxc3 19. Qxc3 exd5 20. cxd5 Qf6 21.
Qc2 Nf8 22. Ng5 Qe7 23. Rh6 f6 24. Nxh7 Nxh7 25. Qxg6+ Qg7 26. Qh5 Kh8 27. Rh1
Rd7 28. g5 fxg5 29. fxg5 Rf8 30. g6 1-0

[Event "Bunratty Masters"]
[Site "Bunratty Co. Clare, Ireland"]
[Date "2017.02.18"]
[Round "4"]
[White "Hebden, Mark"]
[Black "Bates, Richard"]
[Result "0-1"]
[WhiteElo "2486"]
[BlackElo "2347"]
[PlyCount "104"]
[EventDate "2017.??.??"]

1. d4 Nf6 2. Bf4 d6 3. Nc3 Nc6 4. Nf3 Bg4 5. d5 e5 6. Bg5 Nb8 7. h3 Bxf3 8.
exf3 Be7 9. Be3 O-O 10. f4 exf4 11. Bxf4 Nbd7 12. Be2 Ne5 13. O-O Nfd7 14. Nb5
Bf6 15. c3 Re8 16. Re1 Ng6 17. Be3 a6 18. Nd4 Bg5 19. Nf5 Re5 20. Qc2 Bxe3 21.
Nxe3 Qg5 22. Bg4 Nf6 23. g3 Rae8 24. f4 Nxf4 25. gxf4 Qxf4 26. Qf2 Qg5 27. Ng2
Nxg4 28. hxg4 Qxg4 29. Rxe5 Rxe5 30. Re1 Rxe1+ 31. Qxe1 g6 32. Qd2 h5 33. Kf2
Qf5+ 34. Kg3 g5 35. Qd4 h4+ 36. Kh2 Qf3 37. c4 h3 38. Ne3 f5 39. Qf6 Qe2+ 40.
Kh1 Qxe3 41. Qg6+ Kf8 42. Qf6+ Ke8 43. Qg6+ Kd8 44. Qg8+ Kd7 45. Qf7+ Qe7 46.
Qxf5+ Kd8 47. Qf3 Qg7 48. Qg4 Qe5 49. b4 b5 50. cxb5 axb5 51. Qf3 Qf4 52. Qxh3
Qh4 0-1

[Event "Bunratty Masters"]
[Site "Bunratty Co. Clare, Ireland"]
[Date "2017.02.18"]
[Round "4"]
[White "Baburin, Alexander"]
[Black "Delaney, Killian"]
[Result "1-0"]
[WhiteElo "2481"]
[BlackElo "2203"]
[PlyCount "103"]
[EventDate "2017.??.??"]

1. d4 Nf6 2. Nf3 g6 3. g3 Bg7 4. Bg2 O-O 5. O-O d6 6. b3 c5 7. Bb2 cxd4 8. Nxd4
d5 9. c4 e5 10. Nf3 e4 11. Nd4 dxc4 12. bxc4 Nc6 13. Na3 Nxd4 14. Qxd4 Qa5 15.
Qe5 Qd2 16. Rad1 Qxe2 17. Rfe1 Qxf2+ 18. Kxf2 Ng4+ 19. Kg1 Bxe5 20. Bxe5 Nxe5
21. Bxe4 Re8 22. Nb5 Bg4 23. Rb1 Nf3+ 24. Bxf3 Bxf3 25. Kf2 Rxe1 26. Rxe1 Bc6
27. Re7 a6 28. Nd6 Rd8 29. Nxb7 Bxb7 30. Rxb7 Rd2+ 31. Ke3 Rxh2 32. c5 Rxa2 33.
c6 Rc2 34. c7 Kg7 35. Kd3 Rc1 36. Kd4 Kh6 37. Kd5 Kg5 38. Kd6 Kg4 39. Rb8 Kxg3
40. c8=Q Rxc8 41. Rxc8 f5 42. Ke5 f4 43. Rc3+ Kg4 44. Ke4 g5 45. Rc1 h6 46.
Rg1+ Kh3 47. Kf3 Kh2 48. Ra1 h5 49. Ra5 h4 50. Rxg5 h3 51. Rh5 a5 52. Kg4 1-0

[Event "Bunratty Masters"]
[Site "Bunratty Co. Clare, Ireland"]
[Date "2017.02.18"]
[Round "4"]
[White "Hunt, Adam"]
[Black "Rawlinson, Aidan"]
[Result "1-0"]
[WhiteElo "2424"]
[BlackElo "2199"]
[PlyCount "33"]
[EventDate "2017.??.??"]

1. d4 g6 2. Nf3 Bg7 3. g3 Nf6 4. Bg2 O-O 5. O-O d6 6. c4 Nc6 7. Nc3 a6 8. e3
Rb8 9. Qe2 e5 10. d5 Ne7 11. e4 c6 12. dxc6 bxc6 13. c5 Qc7 14. cxd6 Qxd6 15.
Rd1 Qc7 16. Be3 Nd7 17. Rac1 1-0

[Event "Bunratty Masters"]
[Site "Bunratty Co. Clare, Ireland"]
[Date "2017.02.18"]
[Round "4"]
[White "Pein, Malcolm"]
[Black "Byrne, Alex"]
[Result "1/2-1/2"]
[WhiteElo "2345"]
[BlackElo "1942"]
[PlyCount "74"]
[EventDate "2017.??.??"]

1. d4 Nf6 2. c4 g6 3. Nc3 Bg7 4. e4 d6 5. Nf3 O-O 6. Be2 e5 7. O-O Nc6 8. d5
Ne7 9. Nd2 Nd7 10. b4 f5 11. f3 f4 12. c5 Nf6 13. Nc4 Ne8 14. a4 Rf7 15. Ba3 h5
16. a5 h4 17. h3 Kh7 18. Rf2 Ng8 19. b5 Ngf6 20. b6 Nh5 21. bxc7 Qg5 22. Kf1
dxc5 23. d6 Ng3+ 24. Ke1 Nh1 25. Bxc5 Nxf2 26. Kxf2 Nxc7 27. dxc7 Rxc7 28. Bd6
Rc6 29. Nd5 Qg3+ 30. Kf1 Bxh3 31. gxh3 Qxh3+ 32. Ke1 Rac8 33. Rc1 Qg2 34. Ne7
Qg1+ 35. Kd2 Rxd6+ 36. Nd5 Qd4+ 37. Ke1 Qg1+ 1/2-1/2

[Event "Bunratty Masters"]
[Site "Bunratty Co. Clare, Ireland"]
[Date "2017.02.18"]
[Round "4"]
[White "Prilleltensky, Matan"]
[Black "Gheorghiu, Calin"]
[Result "1-0"]
[WhiteElo "2195"]
[BlackElo "2312"]
[PlyCount "77"]
[EventDate "2017.??.??"]

1. d4 Nf6 2. c4 e6 3. Nc3 Bb4 4. f3 c5 5. d5 O-O 6. e4 d6 7. Nge2 a6 8. Ng3 b5
9. Be2 exd5 10. cxd5 Nbd7 11. O-O c4 12. Be3 Re8 13. Kh1 Bc5 14. Bxc5 Nxc5 15.
b4 cxb3 16. axb3 Bb7 17. b4 Ncd7 18. Nf5 Ne5 19. Qd4 Rc8 20. Bxb5 axb5 21. Nxb5
Nc4 22. Rfc1 g6 23. Nh6+ Kg7 24. Nxf7 Kxf7 25. Rxc4 Rxc4 26. Qxc4 Qb6 27. Nd4
Rc8 28. Nc6 Bxc6 29. dxc6+ Kg7 30. b5 Rc7 31. h3 h5 32. Ra6 Qf2 33. b6 Re7 34.
c7 d5 35. Qb4 Rxc7 36. bxc7 Qf1+ 37. Kh2 Qxa6 38. Qe7+ Kh6 39. Qf8+ 1-0

[Event "Bunratty Masters"]
[Site "Bunratty Co. Clare, Ireland"]
[Date "2017.02.18"]
[Round "4"]
[White "Wall, Tim P"]
[Black "Pogan, Nikolas"]
[Result "1/2-1/2"]
[WhiteElo "2193"]
[BlackElo "2283"]
[PlyCount "31"]
[EventDate "2017.??.??"]

1. d4 d5 2. Bf4 Nf6 3. e3 c5 4. c3 Qb6 5. Qb3 Qxb3 6. axb3 cxd4 7. exd4 Nc6 8.
Nf3 Bg4 9. Ne5 Nxe5 10. dxe5 Nd7 11. Na3 a6 12. h3 Be6 13. Bg3 g5 14. Nb5 Rc8
15. Nd4 Bg7 16. Nf3 1/2-1/2

[Event "Bunratty Masters"]
[Site "Bunratty Co. Clare, Ireland"]
[Date "2017.02.18"]
[Round "4"]
[White "Murray, David B"]
[Black "Pein, Jonathan"]
[Result "1-0"]
[WhiteElo "2098"]
[BlackElo "2223"]
[PlyCount "105"]
[EventDate "2017.??.??"]

1. e4 e5 2. Nc3 Nf6 3. f4 d5 4. fxe5 Nxe4 5. Nf3 Bg4 6. Qe2 Nc6 7. Nxe4 Nd4 8.
Qd3 Bxf3 9. gxf3 dxe4 10. Qxe4 Qh4+ 11. Kd1 Qxe4 12. fxe4 Nf3 13. c3 Nxe5 14.
Kc2 O-O-O 15. d4 Ng6 16. Bc4 f6 17. Be3 Bd6 18. Be6+ Kb8 19. h4 Rde8 20. Bf5
Ne7 21. Kd3 Nxf5 22. exf5 Re7 23. h5 Rhe8 24. Bf2 Bf4 25. Rae1 c6 26. Rxe7 Rxe7
27. Rh4 Bg5 28. Re4 Rxe4 29. Kxe4 Kc7 30. d5 b6 31. Bg3+ Kd7 32. Kd4 a6 33. Kc4
Be3 34. b3 Bc5 35. Bf4 Bf2 36. dxc6+ Kxc6 37. Kd3 Kd5 38. c4+ Kc6 39. Bc1 Bc5
40. Ke4 Bd6 41. Bb2 Be7 42. Bc3 a5 43. Bb2 h6 44. Kd3 Bd6 45. Ke4 Be7 46. Bd4
Ba3 47. Kd3 Bb4 48. Kc2 Ba3 49. Be3 Kc7 50. Kc3 Kc6 51. Bf4 Kd7 52. Bb8 Bc1 53.
b4 1-0

[Event "Bunratty Masters"]
[Site "Bunratty Co. Clare, Ireland"]
[Date "2017.02.18"]
[Round "4"]
[White "Wallace, Paul A"]
[Black "O'Gorman, Tom"]
[Result "1-0"]
[WhiteElo "2204"]
[BlackElo "2100"]
[PlyCount "113"]
[EventDate "2017.??.??"]

1. e4 c5 2. Nf3 d6 3. c3 Nf6 4. d3 g6 5. Be2 Bg7 6. O-O O-O 7. Re1 Nc6 8. Nbd2
e5 9. a4 a6 10. Nc4 Be6 11. Nfd2 b5 12. Ne3 Qc7 13. Bf3 Bd7 14. Nd5 Nxd5 15.
exd5 Na5 16. axb5 axb5 17. Ne4 c4 18. d4 f5 19. Nc5 dxc5 20. dxe5 Ra6 21. d6
Qb8 22. Bd5+ Kh8 23. Bf4 Qd8 24. e6 Bxe6 25. Rxe6 g5 26. Be3 Rxd6 27. Bxg5 Qxg5
28. Rxd6 Nb3 29. Ra8 Qe7 30. Bc6 Nd4 31. Rd7 Qe6 32. Rxf8+ Bxf8 33. Rxd4 cxd4
34. Qxd4+ Bg7 35. Qd8+ Qg8 36. Qxg8+ Kxg8 37. Bxb5 Bh6 38. Bxc4+ Kf8 39. Bd3
Bc1 40. b3 f4 41. Bxh7 Ke7 42. Kf1 Bb2 43. c4 Kd6 44. Ke2 Kc5 45. Kd3 Kb4 46.
Ke4 Bc1 47. Kd5 f3 48. g3 Kc3 49. Be4 Kxb3 50. c5 Bd2 51. c6 Ba5 52. Ke6 Kc3
53. Bxf3 Kd2 54. Kd7 Ke1 55. c7 Bxc7 56. Kxc7 Kxf2 57. h4 1-0

[Event "Bunratty Masters"]
[Site "Bunratty Co. Clare, Ireland"]
[Date "2017.02.18"]
[Round "4"]
[White "Speelman, Jonathan"]
[Black "Gayson, Peter"]
[Result "1-0"]
[WhiteElo "2522"]
[BlackElo "2148"]
[PlyCount "81"]
[EventDate "2017.??.??"]

1. Nf3 f5 2. d3 d6 3. e4 e5 4. Nc3 Nc6 5. exf5 Bxf5 6. d4 exd4 7. Nxd4 Nxd4 8.
Qxd4 Nf6 9. Bg5 Be7 10. O-O-O O-O 11. Bc4+ Kh8 12. Rhe1 Qd7 13. f3 Ng8 14. Bxe7
Nxe7 15. g4 Nc6 16. Qd2 Na5 17. Bb5 c6 18. Be2 Be6 19. Qxd6 Qxd6 20. Rxd6 Bc4
21. Bd1 Ba6 22. b3 Rae8 23. Rxe8 Rxe8 24. Ne4 h6 25. Nc5 Be2 26. Rd7 Bxd1 27.
Kxd1 Re3 28. Nxb7 Nxb7 29. Rxb7 Rxf3 30. Rxa7 Rf1+ 31. Kd2 Rf2+ 32. Kc3 Rxh2
33. Ra4 Rh3+ 34. Kb2 h5 35. gxh5 Rxh5 36. Rc4 g5 37. a4 Rh4 38. a5 Kg7 39. a6
Rh8 40. Rxc6 g4 41. Rc4 1-0

[Event "Bunratty Masters"]
[Site "Bunratty Co. Clare, Ireland"]
[Date "2017.02.18"]
[Round "4"]
[White "Haussernot, Cecile"]
[Black "L'Ami, Alina"]
[Result "0-1"]
[WhiteElo "2120"]
[BlackElo "2324"]
[PlyCount "88"]
[EventDate "2017.??.??"]

1. Nf3 Nf6 2. g3 g6 3. Bg2 Bg7 4. O-O O-O 5. d3 d5 6. Nbd2 c5 7. c4 Nc6 8. Nb3
b6 9. Bg5 dxc4 10. dxc4 Bb7 11. Qc2 Nb4 12. Qc1 Re8 13. Nh4 Qc7 14. Bf4 e5 15.
Bh6 Bh8 16. a3 Nc6 17. e3 e4 18. f3 exf3 19. Bxf3 Ne5 20. Bxb7 Qxb7 21. Bf4 Nd3
22. Qc2 Nxf4 23. exf4 Ng4 24. Ng2 Ne3 25. Nxe3 Rxe3 26. Rae1 Rae8 27. Qd2 Qe7
28. Kf2 Bd4 29. Nxd4 cxd4 30. Qc1 Qe4 31. Rxe3 dxe3+ 32. Kg1 e2 33. Re1 Rd8 34.
Qc3 f5 35. c5 Rd3 36. Qe5 Qxe5 37. fxe5 bxc5 38. Rxe2 Kf7 39. Rc2 Rd5 40. b4
cxb4 41. axb4 Rxe5 42. Rc7+ Re7 43. Rc5 Rb7 44. b5 Rd7 0-1

[Event "Bunratty Masters"]
[Site "Bunratty Co. Clare, Ireland"]
[Date "2017.02.18"]
[Round "4"]
[White "Short, Philip"]
[Black "Tirziman, Rudolf"]
[Result "1-0"]
[WhiteElo "2239"]
[BlackElo "2013"]
[PlyCount "39"]
[EventDate "2017.??.??"]

1. d4 e6 2. c4 Nf6 3. Nf3 c5 4. e3 d5 5. Nc3 a6 6. a3 dxc4 7. Bxc4 b5 8. Ba2
Bb7 9. O-O Nbd7 10. Qe2 Ne4 11. Rd1 Qb6 12. Nxe4 Bxe4 13. Ng5 Bb7 14. d5 exd5
15. e4 Be7 16. exd5 Kf8 17. Nxf7 Rg8 18. d6 Bf6 19. Ng5 c4 20. Qe6 1-0

[Event "Bunratty Masters"]
[Site "Bunratty Co. Clare, Ireland"]
[Date "2017.02.18"]
[Round "4"]
[White "Sudolski, Sylwester"]
[Black "Walton, Alan"]
[Result "0-1"]
[WhiteElo "2027"]
[BlackElo "2211"]
[PlyCount "88"]
[EventDate "2017.??.??"]

1. d4 e6 2. Bf4 f5 3. Nf3 Nf6 4. e3 b6 5. Bd3 Bb7 6. Nbd2 Be7 7. h3 Ne4 8. Ne5
O-O 9. Nxe4 fxe4 10. Bc4 d5 11. Bb3 Nd7 12. Qg4 Rf5 13. h4 Nxe5 14. Bxe5 Bf6
15. Bf4 c5 16. c3 cxd4 17. cxd4 Rc8 18. g3 Ba6 19. Qd1 Be7 20. Qd2 Qf8 21. a3
Qe8 22. Bd1 Bd3 23. Rc1 Rf8 24. f3 Qb5 25. fxe4 Bxe4 26. Rh2 h6 27. h5 Bf6 28.
Be2 Qd7 29. Rxc8 Rxc8 30. Bd3 Bxd3 31. Qxd3 Rc1+ 32. Kd2 Qc6 33. Qb3 a5 34. Rg2
b5 35. g4 Bh4 36. Qd3 b4 37. axb4 axb4 38. Ke2 b3 39. Kf3 Qc4 40. Qxc4 dxc4 41.
e4 Rf1+ 42. Ke3 Rd1 43. Rd2 Rg1 44. Ke2 Rxg4 0-1

[Event "Bunratty Masters"]
[Site "Bunratty Co. Clare, Ireland"]
[Date "2017.02.18"]
[Round "4"]
[White "Yin, Stanley"]
[Black "O'Connor, Jonathan"]
[Result "1-0"]
[WhiteElo "2198"]
[BlackElo "2126"]
[PlyCount "87"]
[EventDate "2017.??.??"]

1. g3 g6 2. Bg2 Bg7 3. c3 Nf6 4. Nf3 O-O 5. O-O d5 6. d3 c5 7. h3 Nc6 8. Qa4 d4
9. cxd4 cxd4 10. Na3 e5 11. Bg5 h6 12. Bxf6 Qxf6 13. b4 Bd7 14. Nd2 Rfb8 15.
Ne4 Qe7 16. Nc5 Be8 17. Rfc1 b5 18. Nxb5 a5 19. Nc7 Qxc7 20. b5 Nd8 21. Na6 Qb6
22. Nc7 Nb7 23. Nxa8 Rxa8 24. Bc6 Bf8 25. Bxe8 Rxe8 26. Rc6 Nc5 27. Qc4 Qa7 28.
Rxg6+ Kh7 29. Rc6 Ne6 30. Rc1 Qd7 31. Ra6 Bb4 32. b6 Qb7 33. Qb5 Qb8 34. Ra7
Kg6 35. Rc6 Rd8 36. Qa6 Rf8 37. b7 Kg7 38. Ra8 Nc5 39. Rxb8 Rxb8 40. Rxc5 Bxc5
41. Qxa5 Bd6 42. Qd5 Bc7 43. Qc6 Bd8 44. Qc8 1-0